| 000 | 00707 a2200193 4500 | ||
|---|---|---|---|
| 020 | _a1-57820-319-8 | ||
| 040 |
_aDLC _bDLC |
||
| 082 | _a621.3821 | ||
| 100 | 1 | _aNewton, Harry | |
| 245 | 1 | 0 |
_aNewton's telecom dictionary: covering telecommunications, networking, information technologies, wired, wireless, satelitte, fiber, internet _bcovering telecommunications, networking, information technologies, wired, wireless, satellite, fiber, internet _cHarry Newton |
| 250 | _a22. ed. | ||
| 260 |
_aSan Francisco, Calif. : _bCMP, _c2006 |
||
| 650 | 4 | _aTelecommunications | |
| 650 | 4 | _aInternet | |
| 650 | 4 | _aTelecommunication | |
| 650 | 4 | _aDictionaries | |
| 650 | 4 | _aInternet | |
| 942 |
_cBK _k621.3821 NEW _2ddc |
||
| 999 |
_c4810 _d4810 |
||